[Event "FIDE Open World Blitz 2021"]
[Site "Warsaw"]
[Date "2021.12.29"]
[Round "7.13"]
[White "Puranik, Abhimanyu"]
[Black "Giri, Anish"]
[Result "1-0"]
[WhiteElo "2604"]
[BlackElo "2774"]
[Annotator "TA"]
[PlyCount "71"]
[EventDate "2021.12.29"]
[EventType "swiss"]
[EventCountry "POL"]
[Tiebreak "Cut1 Buchholz"]
[SourceTitle "playchess.com"]
[Source "ChessBase"]
[SourceQuality "1"]

1. Nf3 Nf6 2. c4 e6 3. e3 b6 4. b3 Bb7 5. Bb2 c5 6. Nc3 Be7 7. d4 cxd4 8. exd4
O-O 9. Be2 d5 10. O-O Nbd7 11. Rc1 Rc8 12. Bd3 Re8 13. Qe2 Bd6 14. Rfd1 Bf4 15.
Rc2 Nf8 16. Ne5 Ng6 17. g3 Bh6 18. Ba3 dxc4 19. bxc4 a6 20. Nxg6 hxg6 21. Ne4
Nxe4 22. Bxe4 Bxe4 23. Qxe4 Bg5 24. Qd3 Bf6 25. d5 Qd7 26. Bc1 b5 27. d6 bxc4
28. Rxc4 a5 29. Be3 Be5 30. Rxc8 Rxc8 31. Qe4 Bf6 32. Bf4 Rc6 33. Be5 Bxe5 34.
Qxe5 Rb6 35. Qc5 Rb5 36. Qxb5 1-0

[Event "FIDE Open World Blitz 2021"]
[Site "Warsaw"]
[Date "2021.12.29"]
[Round "7.13"]
[White "Corrales Jimenez, Fidel"]
[Black "Szpar, Milosz"]
[Result "1-0"]
[WhiteElo "2523"]
[BlackElo "2285"]
[Annotator "ChessBase"]
[PlyCount "75"]
[EventDate "2021.12.29"]
[EventType "swiss"]
[EventCountry "POL"]
[Tiebreak "Cut1 Buchholz"]
[SourceTitle "playchess.com"]
[Source "ChessBase"]
[SourceQuality "1"]

1. d4 Nf6 2. c4 e6 3. Nc3 c5 4. Nf3 cxd4 5. Nxd4 a6 6. e4 Qc7 7. a3 b6 8. Be2
Bb7 9. Qd3 Be7 10. O-O O-O 11. f4 d6 12. b4 Nbd7 13. Bb2 Rac8 14. Rac1 Qb8 15.
g4 Qa8 16. Bf3 Rfd8 17. g5 Ne8 18. h4 Ne5 19. fxe5 dxe5 20. Nd5 exd5 21. Nf5
dxe4 22. Nxe7+ Kf8 23. Qc3 exf3 24. Qxe5 Rd2 25. Rf2 Rxf2 26. Kxf2 Rd8 27. Bc3
Be4 28. Re1 Bd3 29. h5 Qb8 30. Qxb8 Rxb8 31. c5 bxc5 32. bxc5 Be2 33. Nd5 Rc8
34. Bb4 a5 35. Bxa5 f6 36. g6 hxg6 37. hxg6 Ra8 38. Bb4 1-0

[Event "FIDE Open World Blitz 2021"]
[Site "Warsaw"]
[Date "2021.12.29"]
[Round "7.14"]
[White "Nakamura, Hikaru"]
[Black "Vokhidov, Shamsiddin"]
[Result "1/2-1/2"]
[WhiteElo "2736"]
[BlackElo "2613"]
[Annotator "ChessBase"]
[PlyCount "132"]
[EventDate "2021.12.29"]
[EventType "swiss"]
[EventCountry "POL"]
[Tiebreak "Cut1 Buchholz"]
[SourceTitle "playchess.com"]
[Source "ChessBase"]
[SourceQuality "1"]

1. Nf3 d5 2. e3 c5 3. b3 a6 4. Bb2 Nc6 5. d4 Nf6 6. a3 cxd4 7. exd4 Bf5 8. Bd3
Bxd3 9. Qxd3 e6 10. Nbd2 Be7 11. O-O O-O 12. Rfe1 Rc8 13. Re2 Qa5 14. g3 Rfd8
15. Kg2 Qb5 16. Qxb5 axb5 17. Ne1 Ra8 18. Nd3 Ra7 19. c3 Rda8 20. Nb1 Na5 21.
Nc1 Nd7 22. a4 Nc6 23. axb5 Rxa1 24. Bxa1 Rxa1 25. bxc6 Rxb1 26. cxd7 Rxc1 27.
Ra2 g6 28. Ra8+ Kg7 29. c4 dxc4 30. bxc4 Rxc4 31. d8=Q Bxd8 32. Rxd8 b5 33. Rd7
b4 34. Kf3 Rc3+ 35. Ke4 Rc2 36. Ke3 b3 37. Rb7 b2 38. h4 h5 39. f3 Kf6 40. Kf4
Rd2 41. Ke3 Rh2 42. Ke4 Kg7 43. Kf4 Rg2 44. g4 hxg4 45. fxg4 Rd2 46. Ke3 Rh2
47. Kf3 Rxh4 48. Rxb2 Kh6 49. Rb5 f5 50. gxf5 exf5 51. d5 Kg5 52. Ke3 Rh3+ 53.
Kd4 Kf4 54. d6 Rh1 55. Rb3 Rh8 56. Kd5 g5 57. Ke6 Rh6+ 58. Kd5 g4 59. Rb8 Rh1
60. d7 Rd1+ 61. Ke6 g3 62. d8=Q Rxd8 63. Rxd8 g2 64. Rg8 Kf3 65. Kxf5 Kf2 66.
Rxg2+ Kxg2 1/2-1/2

[Event "FIDE Open World Blitz 2021"]
[Site "Warsaw"]
[Date "2021.12.29"]
[Round "7.14"]
[White "Ponkratov, Pavel"]
[Black "Babazada, Khazar"]
[Result "1-0"]
[WhiteElo "2662"]
[BlackElo "2302"]
[Annotator "ChessBase"]
[PlyCount "73"]
[EventDate "2021.12.29"]
[EventType "swiss"]
[EventCountry "POL"]
[Tiebreak "Cut1 Buchholz"]
[SourceTitle "playchess.com"]
[Source "ChessBase"]
[SourceQuality "1"]

1. e4 Nf6 2. e5 Nd5 3. d4 d6 4. Nf3 Nb6 5. a4 a5 6. Nc3 g6 7. exd6 cxd6 8. Bb5+
Bd7 9. O-O Bxb5 10. Nxb5 Bg7 11. Re1 O-O 12. Bg5 Re8 13. Qd2 Qd7 14. Bh6 Bf6
15. b3 Nc6 16. Rad1 Rac8 17. c4 Nb4 18. d5 Na8 19. Nc3 Nc7 20. Ne4 Bh8 21. Qf4
Qf5 22. Qxf5 gxf5 23. Ng3 e6 24. dxe6 fxe6 25. Rxd6 Rcd8 26. Rxd8 Rxd8 27. Bf4
Nca6 28. Rxe6 Nc5 29. Re1 Bc3 30. Rb1 Ncd3 31. Bc7 Rd7 32. Bxa5 f4 33. Ne4 Bg7
34. h4 Re7 35. Nc5 Re2 36. Nxd3 Nxd3 37. Bb6 1-0

[Event "FIDE Open World Blitz 2021"]
[Site "Warsaw"]
[Date "2021.12.29"]
[Round "7.15"]
[White "Sychev, Klementy"]
[Black "Vachier-Lagrave, Maxime"]
[Result "0-1"]
[WhiteElo "2615"]
[BlackElo "2766"]
[Annotator "ChessBase"]
[PlyCount "84"]
[EventDate "2021.12.29"]
[EventType "swiss"]
[EventCountry "POL"]
[Tiebreak "Cut1 Buchholz"]
[SourceTitle "playchess.com"]
[Source "ChessBase"]
[SourceQuality "1"]

1. e4 c5 2. Nf3 d6 3. d4 cxd4 4. Nxd4 Nf6 5. Nc3 a6 6. Bg5 e6 7. f4 Qb6 8. Qd2
Qxb2 9. Rb1 Qa3 10. e5 h6 11. Bh4 dxe5 12. fxe5 Nfd7 13. Ne4 Qxa2 14. Rd1 Qd5
15. Qe3 Qxe5 16. Be2 Bc5 17. Bg3 Qd5 18. c4 Bxd4 19. Rxd4 Qa5+ 20. Rd2 O-O 21.
Bd6 f5 22. Bxf8 Nxf8 23. Nd6 Nbd7 24. O-O Qc5 25. Kf2 a5 26. Rb1 a4 27. Rb5 Qc7
28. c5 Nf6 29. Bf3 Rb8 30. Rdb2 Kh7 31. h3 Ng6 32. Nxc8 Rxc8 33. Bxb7 Rd8 34.
Bf3 Ne5 35. Rb7 Qxc5 36. Qxc5 Nd3+ 37. Kg1 Nxc5 38. Ra7 Rd7 39. Ra5 Nb3 40.
Rxa4 Nd4 41. Kf2 e5 42. Rd2 Rc7 0-1

[Event "FIDE Open World Blitz 2021"]
[Site "Warsaw"]
[Date "2021.12.29"]
[Round "7.15"]
[White "Tologontegin, Semetey"]
[Black "Saric, Ivan"]
[Result "0-1"]
[WhiteElo "2224"]
[BlackElo "2665"]
[Annotator "ChessBase"]
[PlyCount "70"]
[EventDate "2021.12.29"]
[EventType "swiss"]
[EventCountry "POL"]
[Tiebreak "Cut1 Buchholz"]
[SourceTitle "playchess.com"]
[Source "ChessBase"]
[SourceQuality "1"]

1. d4 Nf6 2. c4 g6 3. Nc3 Bg7 4. e4 d6 5. Nf3 O-O 6. Be2 e5 7. O-O Na6 8. Be3
Qe7 9. dxe5 dxe5 10. Nd5 Qd8 11. Qc2 Ng4 12. Bg5 f6 13. Bh4 c6 14. Nc3 Qe7 15.
Rad1 Kh8 16. a3 Nc5 17. b4 Ne6 18. c5 Nh6 19. Rd2 Nf7 20. Bc4 g5 21. Bg3 h5 22.
h4 g4 23. Ne1 Bh6 24. Rd1 b5 25. cxb6 axb6 26. Qb2 Nd6 27. Bd3 Nf4 28. Bxf4
exf4 29. Nc2 g3 30. fxg3 fxg3 31. Rf3 Bg4 32. Rxg3 Qe5 33. Kh2 Bf4 34. Ne2
Bxg3+ 35. Nxg3 Qxb2 0-1

[Event "FIDE Open World Blitz 2021"]
[Site "Warsaw"]
[Date "2021.12.29"]
[Round "7.16"]
[White "Nihal Sarin"]
[Black "Harikrishna, Pentala"]
[Result "1/2-1/2"]
[WhiteElo "2650"]
[BlackElo "2614"]
[Annotator "ChessBase"]
[PlyCount "56"]
[EventDate "2021.12.29"]
[EventType "swiss"]
[EventCountry "POL"]
[Tiebreak "Cut1 Buchholz"]
[SourceTitle "playchess.com"]
[Source "ChessBase"]
[SourceQuality "1"]

1. e4 e6 2. d4 d5 3. Nd2 c5 4. Ngf3 Nc6 5. exd5 exd5 6. Bb5 cxd4 7. O-O Bd6 8.
Nb3 Nge7 9. Nbxd4 O-O 10. h3 h6 11. Re1 Bc7 12. Bf1 a6 13. c3 Nf5 14. Nxf5 Bxf5
15. Be3 Re8 16. Nd4 Qd6 17. g3 Be4 18. Bf4 Qd7 19. Bxc7 Qxc7 20. Bg2 Bxg2 21.
Rxe8+ Rxe8 22. Kxg2 Nxd4 23. Qxd4 Re2 24. Qxd5 Rxb2 25. Re1 Qc6 26. Qxc6 bxc6
27. Re8+ Kh7 28. Rc8 Rxa2 1/2-1/2

[Event "FIDE Open World Blitz 2021"]
[Site "Warsaw"]
[Date "2021.12.29"]
[Round "7.16"]
[White "Gukesh D"]
[Black "Heimann, Andreas"]
[Result "0-1"]
[WhiteElo "2621"]
[BlackElo "2584"]
[Annotator "ChessBase"]
[PlyCount "88"]
[EventDate "2021.12.29"]
[EventType "swiss"]
[EventCountry "POL"]
[Tiebreak "Cut1 Buchholz"]
[SourceTitle "playchess.com"]
[Source "ChessBase"]
[SourceQuality "1"]

1. d4 Nf6 2. c4 e6 3. Nf3 d5 4. Nc3 Bb4 5. Qa4+ Nc6 6. e3 O-O 7. Qc2 b6 8. Bd2
Ba6 9. Qa4 Bb7 10. a3 Bd6 11. Be2 dxc4 12. Bxc4 a6 13. Qc2 b5 14. Be2 e5 15. d5
Ne7 16. e4 c6 17. Bg5 Ng6 18. O-O h6 19. Be3 cxd5 20. exd5 Rc8 21. Qb3 e4 22.
Nd2 Nxd5 23. Ndxe4 Nxe3 24. fxe3 Bxe4 25. Nxe4 Bxh2+ 26. Kxh2 Qh4+ 27. Kg1 Qxe4
28. Rad1 Qe7 29. Bg4 Rc7 30. Rd5 Ne5 31. Bf5 Nc4 32. Rf3 Rd8 33. Be4 Rcd7 34.
Rxd7 Rxd7 35. Qc2 Rd2 36. Bh7+ Kh8 37. Qe4 Rd1+ 38. Kh2 Qxe4 39. Bxe4 Nd2 40.
Rf4 g5 41. Rg4 h5 42. Bc2 Rc1 43. Rxg5 Rxc2 44. Rxh5+ Kg7 0-1

[Event "FIDE Open World Blitz 2021"]
[Site "Warsaw"]
[Date "2021.12.29"]
[Round "7.17"]
[White "Sadhwani, Raunak"]
[Black "Shevchenko, Kirill"]
[Result "0-1"]
[WhiteElo "2562"]
[BlackElo "2647"]
[Annotator "ChessBase"]
[PlyCount "108"]
[EventDate "2021.12.29"]
[EventType "swiss"]
[EventCountry "POL"]
[Tiebreak "Cut1 Buchholz"]
[SourceTitle "playchess.com"]
[Source "ChessBase"]
[SourceQuality "1"]

1. d4 Nf6 2. Nf3 c5 3. e3 e6 4. b3 b6 5. Bb2 Bb7 6. Bd3 cxd4 7. exd4 g6 8. O-O
Bg7 9. Nbd2 O-O 10. Qe2 Nc6 11. a3 Rc8 12. c4 d5 13. Rac1 Nh5 14. g3 dxc4 15.
Rxc4 Nf6 16. Rfc1 Nd5 17. R4c2 Nde7 18. Ba6 Bxa6 19. Qxa6 Qd7 20. Ne4 Rfd8 21.
d5 Nxd5 22. Bxg7 Kxg7 23. Ne5 Nxe5 24. Rxc8 Rxc8 25. Qxc8 Qe7 26. b4 h5 27. Qc2
Kh7 28. h4 Ng4 29. Ng5+ Kg8 30. Qb2 Qb7 31. Rc4 Ne7 32. Qd4 Nd5 33. Ne4 Qb8 34.
Qb2 Ne5 35. Rc2 Nf3+ 36. Kf1 e5 37. Qc1 Kg7 38. b5 Qe8 39. Rc8 Qxb5+ 40. Kg2
Qe2 41. Nd6 Ne1+ 42. Kg1 Nf3+ 43. Kg2 Ne1+ 44. Kg1 Nd3 45. Qf1 Qf3 46. Ne8+ Kh7
47. Nd6 e4 48. Rf8 Ne5 49. Qc1 e3 50. Qe1 Qf6 51. Ne4 Nf3+ 52. Kf1 Qf5 53. Nd6
Qh3+ 54. Ke2 Nxe1 0-1

[Event "FIDE Open World Blitz 2021"]
[Site "Warsaw"]
[Date "2021.12.29"]
[Round "7.17"]
[White "Suleymanli, Aydin"]
[Black "Howell, David W L"]
[Result "0-1"]
[WhiteElo "2541"]
[BlackElo "2648"]
[Annotator "ChessBase"]
[PlyCount "90"]
[EventDate "2021.12.29"]
[EventType "swiss"]
[EventCountry "POL"]
[Tiebreak "Cut1 Buchholz"]
[SourceTitle "playchess.com"]
[Source "ChessBase"]
[SourceQuality "1"]

1. d4 d5 2. c4 c6 3. Nc3 Nf6 4. e3 a6 5. a4 Bf5 6. a5 e6 7. Qb3 Qc7 8. Nf3 Nbd7
9. Nh4 Be4 10. f3 Bg6 11. g3 Be7 12. Bd2 O-O 13. cxd5 exd5 14. Bh3 Rfe8 15. O-O
Bd6 16. Ne2 Nf8 17. Nf4 Re7 18. Rac1 Rae8 19. Nf5 Bxf5 20. Bxf5 g6 21. Bh3 h5
22. Bg2 Ne6 23. Nxe6 Rxe6 24. Rfe1 h4 25. f4 Ne4 26. Bxe4 Rxe4 27. Qd3 Kg7 28.
Kg2 Qd7 29. Qe2 Rh8 30. Rh1 Qe6 31. Qf3 Qe7 32. Rc2 Bb4 33. Bxb4 Qxb4 34. Ra1
Rhe8 35. Re2 Qb3 36. Ra3 Qd1 37. g4 Rxd4 38. f5 Rd2 39. Rxd2 Qxd2+ 40. Kh3 Qxb2
41. fxg6 fxg6 42. Ra4 Qb3 43. Rf4 Rxe3 44. Rf7+ Kh6 45. g5+ Kxg5 0-1

[Event "FIDE Open World Blitz 2021"]
[Site "Warsaw"]
[Date "2021.12.29"]
[Round "7.18"]
[White "Bartel, Mateusz"]
[Black "Kozak, Adam"]
[Result "0-1"]
[WhiteElo "2619"]
[BlackElo "2532"]
[Annotator "ChessBase"]
[PlyCount "70"]
[EventDate "2021.12.29"]
[EventType "swiss"]
[EventCountry "POL"]
[Tiebreak "Cut1 Buchholz"]
[SourceTitle "playchess.com"]
[Source "ChessBase"]
[SourceQuality "1"]

1. e4 c5 2. Nf3 a6 3. g3 b5 4. Bg2 Bb7 5. d3 g6 6. O-O Bg7 7. Nc3 d6 8. a4 b4
9. Nd5 Nf6 10. Nxf6+ Bxf6 11. Re1 Nd7 12. d4 cxd4 13. Nxd4 O-O 14. e5 dxe5 15.
Bxb7 exd4 16. Bxa8 Qxa8 17. f4 a5 18. Rb1 Rc8 19. Re2 Qf3 20. Qf1 Qd5 21. b3
Nc5 22. Qg2 Qf5 23. g4 Qd7 24. Qf3 d3 25. cxd3 Nxb3 26. Rxb3 Rxc1+ 27. Kg2 Qxa4
28. d4 h6 29. Rf2 Bxd4 30. Re2 Bf6 31. Rd3 Qc6 32. Rd5 e6 33. Rd3 Qxf3+ 34.
Kxf3 a4 35. Ra2 b3 0-1

[Event "FIDE Open World Blitz 2021"]
[Site "Warsaw"]
[Date "2021.12.29"]
[Round "7.18"]
[White "Adly, Ahmed"]
[Black "Michalik, Peter"]
[Result "1-0"]
[WhiteElo "2602"]
[BlackElo "2605"]
[Annotator "ChessBase"]
[PlyCount "95"]
[EventDate "2021.12.29"]
[EventType "swiss"]
[EventCountry "POL"]
[Tiebreak "Cut1 Buchholz"]
[SourceTitle "playchess.com"]
[Source "ChessBase"]
[SourceQuality "1"]

1. d4 d5 2. Nf3 Nf6 3. g3 e6 4. Bg2 Be7 5. O-O O-O 6. c4 dxc4 7. Qc2 a6 8. a4
Bd7 9. Qxc4 Bc6 10. Bg5 Nbd7 11. Nc3 h6 12. Bxf6 Nxf6 13. Ne5 Bxg2 14. Kxg2 a5
15. Rfd1 c6 16. Qb3 Qb8 17. e4 Bb4 18. f3 Rd8 19. Na2 c5 20. Nxb4 axb4 21. Nc4
b5 22. axb5 Qxb5 23. Rxa8 Rxa8 24. d5 exd5 25. exd5 Rd8 26. d6 Qe8 27. Qd3 Qe6
28. b3 Nd7 29. Rd2 Re8 30. h4 h5 31. Rd1 g6 32. Ra1 Kg7 33. Qd2 Rd8 34. Re1 Qf6
35. Re4 Nf8 36. Re7 Ne6 37. Qd5 Kg8 38. Ra7 Qc3 39. Re7 Qc2+ 40. Kh1 Qc1+ 41.
Kg2 Qc2+ 42. Nd2 Qd1 43. Rxe6 fxe6 44. Qxe6+ Kg7 45. Qe7+ Kh6 46. Qxd8 Qxd2+
47. Kh3 Qd1 48. Qh8# 1-0

[Event "FIDE Open World Blitz 2021"]
[Site "Warsaw"]
[Date "2021.12.29"]
[Round "7.19"]
[White "Jumabayev, Rinat"]
[Black "Maghsoodloo, Parham"]
[Result "0-1"]
[WhiteElo "2658"]
[BlackElo "2706"]
[Annotator "ChessBase"]
[PlyCount "68"]
[EventDate "2021.12.29"]
[EventType "swiss"]
[EventCountry "POL"]
[Tiebreak "Cut1 Buchholz"]
[SourceTitle "playchess.com"]
[Source "ChessBase"]
[SourceQuality "1"]

1. d4 Nf6 2. Nf3 d5 3. Bf4 c5 4. e3 Nc6 5. Nbd2 cxd4 6. exd4 Qb6 7. Nb3 Bf5 8.
c3 e6 9. a4 a6 10. Be2 Be7 11. O-O O-O 12. a5 Qd8 13. Ne5 Nd7 14. Nd3 f6 15.
Bg3 e5 16. dxe5 fxe5 17. Bg4 Qe8 18. Re1 Bxg4 19. Qxg4 Bd6 20. Nd4 h5 21. Qd1
Qf7 22. Kh1 h4 23. Nxc6 hxg3 24. Ncxe5 Nxe5 25. Nxe5 Bxe5 26. Rxe5 gxf2 27. Qf3
Qd7 28. Qd3 Rae8 29. Rxe8 Rxe8 30. Rf1 Re1 31. g4 Qxg4 32. Qxd5+ Kh8 33. Qd8+
Kh7 34. Qd3+ g6 0-1

[Event "FIDE Open World Blitz 2021"]
[Site "Warsaw"]
[Date "2021.12.29"]
[Round "7.19"]
[White "Vastrukhin, Oleg"]
[Black "Nguyen, Thai Dai Van"]
[Result "1-0"]
[WhiteElo "2588"]
[BlackElo "2594"]
[Annotator "ChessBase"]
[PlyCount "51"]
[EventDate "2021.12.29"]
[EventType "swiss"]
[EventCountry "POL"]
[Tiebreak "Cut1 Buchholz"]
[SourceTitle "playchess.com"]
[Source "ChessBase"]
[SourceQuality "1"]

1. Nf3 Nf6 2. g3 d5 3. Bg2 e6 4. O-O Be7 5. d3 O-O 6. Nbd2 c5 7. e4 Nc6 8. e5
Nd7 9. Re1 Qc7 10. Qe2 b5 11. h4 a5 12. h5 Ba6 13. h6 g6 14. Nf1 b4 15. Bf4
Rfc8 16. Ne3 Qd8 17. Nxd5 exd5 18. e6 Nb6 19. exf7+ Kf8 20. Bh3 d4 21. Be5 Nxe5
22. Qxe5 Bf6 23. Qf4 Bb7 24. Re8+ Kxf7 25. Rxd8 Rxd8 26. Ng5+ 1-0

[Event "FIDE Open World Blitz 2021"]
[Site "Warsaw"]
[Date "2021.12.29"]
[Round "7.20"]
[White "Gelfand, Boris"]
[Black "Indjic, Aleksandar"]
[Result "1-0"]
[WhiteElo "2674"]
[BlackElo "2603"]
[Annotator "ChessBase"]
[PlyCount "73"]
[EventDate "2021.12.29"]
[EventType "swiss"]
[EventCountry "POL"]
[Tiebreak "Cut1 Buchholz"]
[SourceTitle "playchess.com"]
[Source "ChessBase"]
[SourceQuality "1"]

1. Nf3 g6 2. e4 c6 3. d4 Bg7 4. Be2 d5 5. Nbd2 dxe4 6. Nxe4 Nf6 7. Nxf6+ exf6
8. O-O O-O 9. h3 Be6 10. c4 Re8 11. Be3 Na6 12. Qd2 Nc7 13. Rad1 Qd7 14. Rfe1
Rad8 15. Bf4 Bf5 16. Bd3 Bxd3 17. Bxc7 Rxe1+ 18. Rxe1 Qxc7 19. Qxd3 f5 20. b3
Qd6 21. Rd1 Bf6 22. d5 Kg7 23. Qc2 Re8 24. c5 Qd7 25. d6 Re4 26. Re1 Qe6 27.
Kf1 b6 28. cxb6 axb6 29. Qxc6 Rxe1+ 30. Nxe1 Be5 31. Qxb6 Bxd6 32. Nf3 h6 33.
a4 Kh7 34. Qb5 Qe4 35. Qc4 Qb1+ 36. Ne1 Kg8 37. Qd3 1-0

[Event "FIDE Open World Blitz 2021"]
[Site "Warsaw"]
[Date "2021.12.29"]
[Round "7.20"]
[White "Alonso Rosell, Alvar"]
[Black "Gumularz, Szymon"]
[Result "0-1"]
[WhiteElo "2580"]
[BlackElo "2396"]
[Annotator "ChessBase"]
[PlyCount "102"]
[EventDate "2021.12.29"]
[EventType "swiss"]
[EventCountry "POL"]
[Tiebreak "Cut1 Buchholz"]
[SourceTitle "playchess.com"]
[Source "ChessBase"]
[SourceQuality "1"]

1. d4 e6 2. Nf3 Nf6 3. Bf4 d5 4. e3 c5 5. Nbd2 Nc6 6. Bb5 Bd7 7. O-O Rc8 8. a3
a6 9. Be2 Be7 10. dxc5 Bxc5 11. c4 O-O 12. b4 Be7 13. h3 dxc4 14. Nxc4 Nd5 15.
Qb3 Nxf4 16. exf4 Qc7 17. g3 Rfd8 18. Qe3 Be8 19. Nb6 Rb8 20. Rac1 Bf6 21. h4
Qe7 22. Rc4 Qf8 23. Ng5 h6 24. Nf3 Ne7 25. Ne5 Nf5 26. Qc5 Be7 27. Qa5 Rd6 28.
Rc8 Bd8 29. Rxb8 Bxb6 30. Nc4 Bxa5 31. Nxd6 Nxd6 32. bxa5 Qe7 33. Rd1 Kf8 34.
Bf3 Qc7 35. Ra8 Ke7 36. Rb1 Bc6 37. Bxc6 Qxc6 38. Rg8 g6 39. h5 gxh5 40. Rh8 h4
41. Rxh6 hxg3 42. fxg3 Qc5+ 43. Kh1 Qd5+ 44. Kg1 Qd4+ 45. Kh2 Qd2+ 46. Kh3 Qd3
47. Rg1 Nf5 48. Rh8 Ne3 49. Kh4 Qf5 50. g4 Qxf4 51. Ra8 Qh2+ 0-1

[Event "FIDE Open World Blitz 2021"]
[Site "Warsaw"]
[Date "2021.12.29"]
[Round "7.21"]
[White "Salem, A.R. Saleh"]
[Black "Dvirnyy, Danyyil"]
[Result "0-1"]
[WhiteElo "2690"]
[BlackElo "2493"]
[Annotator "ChessBase"]
[PlyCount "92"]
[EventDate "2021.12.29"]
[EventType "swiss"]
[EventCountry "POL"]
[Tiebreak "Cut1 Buchholz"]
[SourceTitle "playchess.com"]
[Source "ChessBase"]
[SourceQuality "1"]

1. d4 Nf6 2. c4 e6 3. Nc3 Bb4 4. a3 Bxc3+ 5. bxc3 c5 6. f3 Nc6 7. e4 d6 8. Be3
Qa5 9. Kf2 e5 10. Ne2 Bd7 11. Rb1 b6 12. d5 Ne7 13. Bg5 Nfg8 14. Qd2 h6 15. Be3
Nf6 16. Ng3 O-O-O 17. Bd3 Kc7 18. a4 Rdf8 19. Rb5 Qa6 20. a5 bxa5 21. Ra1 Bxb5
22. cxb5 Qb6 23. c4 a6 24. Rxa5 Ra8 25. Ne2 Rhb8 26. h3 axb5 27. Rxb5 Qa6 28.
Nc3 Rxb5 29. Nxb5+ Kd8 30. Kg3 Ne8 31. Kh2 Qa5 32. Qf2 Qb6 33. f4 exf4 34. Bxf4
f6 35. Be3 Nc7 36. e5 Nxb5 37. exf6 gxf6 38. cxb5 Ra3 39. Bf1 Nxd5 40. Bxh6 Qc7
41. Qf5 Ne3 42. Qxf6+ Qe7 43. Qh8+ Kc7 44. b6+ Kb7 45. Bxe3 Rxe3 46. Qh4 Qxh4
0-1

[Event "FIDE Open World Blitz 2021"]
[Site "Warsaw"]
[Date "2021.12.29"]
[Round "7.21"]
[White "Dragnev, Valentin"]
[Black "Gabuzyan, Hovhannes"]
[Result "0-1"]
[WhiteElo "2396"]
[BlackElo "2580"]
[Annotator "ChessBase"]
[PlyCount "84"]
[EventDate "2021.12.29"]
[EventType "swiss"]
[EventCountry "POL"]
[Tiebreak "Cut1 Buchholz"]
[SourceTitle "playchess.com"]
[Source "ChessBase"]
[SourceQuality "1"]

1. e4 c5 2. Nf3 d6 3. d4 cxd4 4. Nxd4 Nf6 5. Nc3 a6 6. f3 e5 7. Nb3 Be6 8. Be3
Be7 9. Qd2 h5 10. O-O-O Nbd7 11. Kb1 Rc8 12. a3 b5 13. Bg5 Qc7 14. h4 Nb6 15.
Bxf6 gxf6 16. Nd5 Nxd5 17. exd5 Bd7 18. Bd3 f5 19. c3 a5 20. Rc1 f4 21. c4 b4
22. axb4 axb4 23. Qxb4 Rb8 24. Qc3 Ba4 25. Nd2 O-O 26. Bc2 Bd7 27. g3 f5 28.
gxf4 Bf6 29. Rcg1+ Kf7 30. Nb3 exf4 31. Qd3 Rfc8 32. c5 Qxc5 33. Nxc5 Rxb2+ 34.
Kc1 Rxc5 35. Rh2 Ra2 36. Kd1 Rc3 37. Qd2 Bb5 38. Ke1 Ra1+ 39. Kf2 Rxc2 40. Qxc2
Bd4+ 41. Kg2 Rxg1+ 42. Kh3 Rg3# 0-1

[Event "FIDE Open World Blitz 2021"]
[Site "Warsaw"]
[Date "2021.12.29"]
[Round "7.22"]
[White "Volokitin, Andrei"]
[Black "Lima, Darcy"]
[Result "1-0"]
[WhiteElo "2656"]
[BlackElo "2379"]
[Annotator "ChessBase"]
[PlyCount "69"]
[EventDate "2021.12.29"]
[EventType "swiss"]
[EventCountry "POL"]
[Tiebreak "Cut1 Buchholz"]
[SourceTitle "playchess.com"]
[Source "ChessBase"]
[SourceQuality "1"]

1. e4 e5 2. Nf3 Nc6 3. Bc4 Nf6 4. d3 Be7 5. O-O O-O 6. Re1 d6 7. a4 a5 8. c3
Nd7 9. Nbd2 Nb6 10. Bb3 Be6 11. Bxe6 fxe6 12. Nf1 Bf6 13. Ng3 Qe8 14. Be3 Ra6
15. Qb3 Kh8 16. d4 exd4 17. cxd4 e5 18. dxe5 Nxe5 19. Nxe5 Bxe5 20. Rec1 c5 21.
Rc2 Nd7 22. Qxb7 Rb6 23. Qa7 Rxb2 24. Rxb2 Bxb2 25. Rb1 Bc3 26. Rb7 Nb8 27. h4
Nc6 28. Qb6 Be5 29. Nf5 Nd8 30. Rb8 Qxa4 31. g3 Qd1+ 32. Kg2 Qd3 33. Qxd8 Qxe4+
34. Kh2 Bxg3+ 35. Nxg3 1-0

[Event "FIDE Open World Blitz 2021"]
[Site "Warsaw"]
[Date "2021.12.29"]
[Round "7.22"]
[White "Klimkowski, Jan"]
[Black "Timofeev, Artyom"]
[Result "0-1"]
[WhiteElo "2015"]
[BlackElo "2586"]
[Annotator "ChessBase"]
[PlyCount "82"]
[EventDate "2021.12.29"]
[EventType "swiss"]
[EventCountry "POL"]
[Tiebreak "Cut1 Buchholz"]
[SourceTitle "playchess.com"]
[Source "ChessBase"]
[SourceQuality "1"]

1. e4 c5 2. Nf3 Nc6 3. d4 cxd4 4. Nxd4 e5 5. Nb5 a6 6. Nd6+ Bxd6 7. Qxd6 Qe7 8.
Qd1 Nf6 9. Nc3 d6 10. Be2 h6 11. O-O O-O 12. Be3 Be6 13. Nd5 Bxd5 14. exd5 Nb8
15. c4 Nbd7 16. b4 a5 17. a3 b6 18. Qb3 Rfb8 19. Rac1 e4 20. h3 Ne5 21. Qd1
Nfd7 22. Bg4 Nd3 23. Rb1 N7e5 24. Be2 axb4 25. axb4 Nxc4 26. Bxd3 exd3 27. Qxd3
b5 28. Bd4 Qg5 29. Be3 Qe5 30. Qd4 Qxd4 31. Bxd4 Nd2 32. Rbc1 Nxf1 33. Kxf1 Rc8
34. Re1 Re8 35. Be3 Re4 36. Rb1 Ra4 37. Bc5 dxc5 38. bxc5 Kf8 39. d6 Ke8 40. f3
Red4 41. Rxb5 Rdb4 0-1

[Event "FIDE Open World Blitz 2021"]
[Site "Warsaw"]
[Date "2021.12.29"]
[Round "7.23"]
[White "Tang, Andrew"]
[Black "Artemiev, Vladislav"]
[Result "0-1"]
[WhiteElo "2588"]
[BlackElo "2699"]
[Annotator "ChessBase"]
[PlyCount "97"]
[EventDate "2021.12.29"]
[EventType "swiss"]
[EventCountry "POL"]
[Tiebreak "Cut1 Buchholz"]
[SourceTitle "playchess.com"]
[Source "ChessBase"]
[SourceQuality "1"]

1. d4 Nf6 2. c4 g6 3. f3 Nc6 4. d5 Ne5 5. e4 d6 6. Nc3 Bg7 7. Be2 O-O 8. f4
Ned7 9. Be3 Nb6 10. e5 Nfd7 11. Nf3 c6 12. dxc6 bxc6 13. exd6 exd6 14. Qxd6 Re8
15. Nd1 Ba6 16. Rc1 Nf6 17. Qxd8 Raxd8 18. Ne5 g5 19. Nxc6 Rd6 20. fxg5 Rxc6
21. gxf6 Rxf6 22. Rf1 Rfe6 23. Rf3 Bb7 24. Rg3 Kh8 25. Kf2 Be5 26. Rh3 f5 27.
Bf3 f4 28. Bxb6 Rxb6 29. Bxb7 Rxb7 30. Rd3 Bxb2 31. Rc2 Bf6 32. Nc3 Be7 33. Nd5
Bc5+ 34. Kf3 Rb1 35. Nf6 Rf1+ 36. Kg4 Rf8 37. Nd7 Rg8+ 38. Kf5 Bg1 39. c5 Bxh2
40. Rf3 Rd1 41. Nf6 Rg7 42. c6 Rd8 43. Rb3 f3 44. Rxf3 Re7 45. Rc5 Bc7 46. Kg4
Rg7+ 47. Kh3 Rd6 48. g4 Rd2 49. Rg3 0-1